| 000 | 00578nam a2200217Ia 4500 | ||
|---|---|---|---|
| 003 | OSt | ||
| 005 | 20220107122658.0 | ||
| 008 | 130318s9999 xx 000 0 und d | ||
| 020 | _a9783540882022 | ||
| 040 | _cIIITMK | ||
| 082 | _a912 STE/V | ||
| 100 |
_aSteinbach, Gerhard _911462 |
||
| 245 | _aVisualizing sustainable planning | ||
| 260 |
_bSpringer _aGermany _c2009 |
||
| 300 | _a262 | ||
| 650 |
_aURBAN AND REGIONAL PLANNING _911463 |
||
| 650 |
_aECOLOGY-PLANNING _911464 |
||
| 700 |
_aGuhathakurta, Subhrajit _911465 |
||
| 700 |
_aHagen, Hans _911466 |
||
| 942 |
_2ddc _cBK |
||
| 999 |
_c2443 _d2443 |
||